Loading...
| History - World | 0 | 3 | 0 | 0 | 30 | 52 | 61.67 | 0 | 0 | 14.13 | 5.56 |
| Geography | 0 | 2 | 0 | 0 | 20 | 57 | 88.00 | 1 | 1 | 8.03 | 18.06 |
| History - European | 0 | 2 | 0 | 0 | 20 | 43 | 55.50 | 0 | 1 | 10.34 | 7.41 |
| Philosophy | 0 | 2 | 0 | 1 | 20 | 39 | 74.50 | 0 | 1 | 10.53 | 13.89 |
| Fine Arts - Classical Music | 0 | 2 | 0 | 1 | 20 | 89 | 97.50 | 0 | 0 | 1.87 | 6.48 |
| Fine Arts - Other | 0 | 2 | 1 | 0 | 15 | 86 | 97.00 | 0 | 0 | 4.61 | 8.33 |
| Literature - World | 0 | 1 | 0 | 0 | 10 | 103 | 103.00 | 0 | 0 | 1.49 | 1.85 |
| Social Science | 0 | 1 | 0 | 0 | 10 | 51 | 51.00 | 0 | 1 | 8.87 | 13.89 |
| Fine Arts - Painting and Sculpture | 0 | 1 | 0 | 0 | 10 | 123 | 123.00 | 0 | 0 | 0.00 | 2.78 |
| History - American | 0 | 1 | 0 | 1 | 10 | 96 | 96.00 | 0 | 0 | 1.33 | 3.70 |
| Literature - American | 0 | 1 | 0 | 1 | 10 | 114 | 114.00 | 0 | 0 | 0.00 | 1.85 |
| Literature - British | 0 | 1 | 0 | 0 | 10 | 111 | 111.00 | 0 | 0 | 0.00 | 3.70 |
| Literature - European | 0 | 1 | 0 | 0 | 10 | 109 | 109.00 | 0 | 0 | 0.67 | 0.93 |
| Religion | 0 | 1 | 1 | 0 | 5 | 102 | 102.00 | 0 | 0 | 1.08 | 7.41 |